| 000 | 00906cam a2200217 4500 | ||
|---|---|---|---|
| 001 | WB4024-16 | ||
| 008 | 040623n2004 000 0 eng u | ||
| 035 | _a(Sirsi) u126586 | ||
| 245 | _aPaper on FMD vaccination | ||
| 260 | _c2004 | ||
| 490 |
_aDEFRA News Release _v(232/04) 18 June 2004 (2) |
||
| 520 | _aDEFRA has published a vaccination document illustrating the potential role for emergency vaccination in tackling outbreaks of foot and mouth disease. This paper (http://www.defra.gov.uk/footandmouth/disease/inde x.htm) will also inform decision-making at a national exercise of the department's contingency plans for a future outbreak. http://www.defra.gov.uk/news/2004/040618a.htm | ||
| 590 | _aWB | ||
| 590 | _aWB | ||
| 650 | _aFOOT-AND-MOUTH DISEASE | ||
| 650 | _aVACCINATIONS | ||
| 650 | _aCONTINGENCY PLANS | ||
| 650 |
_aENVIRONMENT _96238 |
||
| 690 |
_aRURAL _96268 |
||
| 942 | _n0 | ||
| 999 |
_c117586 _d117586 |
||